5HLuxD.jpg

KING HENRY VIII SENIOR AND PRIMARY SCHOOL LIBRARY OPAC

New Yorkers : (Record no. 5450)

000 -LEADER
fixed length control field 02245nam a2200445 i 4500
001 - CONTROL NUMBER
control field ocm16628008
003 - CONTROL NUMBER IDENTIFIER
control field OSt
005 - DATE AND TIME OF LATEST TRANSACTION
control field 20250918104838.0
008 - FIXED-LENGTH DATA ELEMENTS--GENERAL INFORMATION
fixed length control field 180713s2008 enka e 000 j eng d
020 ## - INTERNATIONAL STANDARD BOOK NUMBER
International Standard Book Number 9780194790673
040 ## - CATALOGING SOURCE
Original cataloging agency WSB
Transcribing agency WSB
Modifying agency SHS
-- NLGGC
-- DLC
-- CaOL
-- KH8
Description conventions rda
082 ## - DEWEY DECIMAL CLASSIFICATION NUMBER
Classification number 428.6 HEN
100 1# - MAIN ENTRY--PERSONAL NAME
Personal name Mowat, Diane,
Relator term author.
245 10 - TITLE STATEMENT
Title New Yorkers :
Remainder of title short stories /
Statement of responsibility, etc. O. Henry ; retold by Diane Mowat.
250 ## - EDITION STATEMENT
Edition statement Simplified edition.
264 #1 - PRODUCTION, PUBLICATION, DISTRIBUTION, MANUFACTURE, AND COPYRIGHT NOTICE
Place of production, publication, distribution, manufacture Oxford, [England] :
Name of producer, publisher, distributor, manufacturer Oxford University Press,
Date of production, publication, distribution, manufacture, or copyright notice [2008]
264 #4 - PRODUCTION, PUBLICATION, DISTRIBUTION, MANUFACTURE, AND COPYRIGHT NOTICE
Date of production, publication, distribution, manufacture, or copyright notice ©2008.
300 ## - PHYSICAL DESCRIPTION
Extent 56 pages :
Other physical details illustrations ;
Dimensions 20 cm.
336 ## - CONTENT TYPE
Content type term text
Source rdacontent.
337 ## - MEDIA TYPE
Media type term unmediated
Source rdamedia.
338 ## - CARRIER TYPE
Carrier type term volume
Source rdacarrier.
490 0# - SERIES STATEMENT
Series statement Oxford bookworms library. Human interest, stage2.
500 ## - GENERAL NOTE
General note Included in the reader: story and activities.
500 ## - GENERAL NOTE
General note "First published in Oxford Bookworms, 1991"--T.p. verso.
505 0# - FORMATTED CONTENTS NOTE
Formatted contents note The Christmas presents -- Soapy's choice -- A walk in amnesia -- Tildy's moment -- The momento.
520 ## - SUMMARY, ETC.
Summary, etc. "A housewife, a tramp, a lawyer, a waitress, an actress - ordinary people living ordinary lives in New York at the beginning of this century. The city has changed greatly since that time, but its people are much the same. Some are rich, some are poor, some are happy, some are sad, some have found love, some are looking for love. O. Henry's famous short stories - sensitive, funny, sympathetic - give us vivd pictures of the everday lives of these New Yorkers." --Back cover.
650 #0 - SUBJECT ADDED ENTRY--TOPICAL TERM
Topical term or geographic name entry element Reading comprehension
Form subdivision Problems, exercises, etc.
650 #0 - SUBJECT ADDED ENTRY--TOPICAL TERM
Topical term or geographic name entry element High interest-low vocabulary books.
650 #0 - SUBJECT ADDED ENTRY--TOPICAL TERM
Topical term or geographic name entry element Readers (Adult)
650 #0 - SUBJECT ADDED ENTRY--TOPICAL TERM
Topical term or geographic name entry element Readers for new literates.
650 #7 - SUBJECT ADDED ENTRY--TOPICAL TERM
Topical term or geographic name entry element Short stories.
Source of heading or term genre.
651 #0 - SUBJECT ADDED ENTRY--GEOGRAPHIC NAME
Geographic name New York (N.Y.)
Form subdivision Fiction.
700 1# - ADDED ENTRY--PERSONAL NAME
Relationship information Based on (work):
Personal name Henry, O.,
Dates associated with a name 1862-1910.
Title of a work Christmas presents.
700 1# - ADDED ENTRY--PERSONAL NAME
Relationship information Based on (work):
Personal name Henry, O.,
Dates associated with a name 1862-1910.
Title of a work Soapy's choice.
700 1# - ADDED ENTRY--PERSONAL NAME
Relationship information Based on (work):
Personal name Henry, O.,
Dates associated with a name 1862-1910.
Title of a work Walk in amnesia.
700 1# - ADDED ENTRY--PERSONAL NAME
Relationship information Based on (work):
Personal name Henry, O.,
Dates associated with a name 1862-1910.
Title of a work Tildy's moment.
700 1# - ADDED ENTRY--PERSONAL NAME
Relationship information Based on (work):
Personal name Henry, O.,
Dates associated with a name 1862-1910.
Title of a work Momento.
830 #0 - SERIES ADDED ENTRY--UNIFORM TITLE
Uniform title Oxford bookworms library.
Name of part/section of a work Human interest,
Number of part/section of a work Stage 2.
942 ## - ADDED ENTRY ELEMENTS (KOHA)
Source of classification or shelving scheme
Koha item type Teaching Resources
Holdings
Withdrawn status Lost status Source of classification or shelving scheme Damaged status Not for loan Collection code Permanent Location Current Location Shelving location Date acquired Total Checkouts Full call number Barcode Date due Date last seen Date last checked out Copy number Price effective from Koha item type
          Teaching Resources KH8 Senior School Library KH8 Senior School Library Staff Office 2025-09-18 1 428.6 HEN TRKHSL006612 2026-07-03 2025-09-18 2025-09-18 ELP 2025-09-18 Teaching Resources
          Teaching Resources KH8 Senior School Library KH8 Senior School Library Staff Office 2025-09-18 1 428.6 HEN TRKHSL006613 2026-07-03 2025-09-18 2025-09-18 ELP 2025-09-18 Teaching Resources

Powered By KH8 IT Dept